UNDERSTANDING PHYSICS (Record no. 1191)

MARC details
000 -LEADER
fixed length control field 00407nam a22001937a 4500
003 - CONTROL NUMBER IDENTIFIER
control field OSt
005 - DATE AND TIME OF LATEST TRANSACTION
control field 20210831161722.0
008 - FIXED-LENGTH DATA ELEMENTS--GENERAL INFORMATION
fixed length control field 210831b |||||||| |||| 00| 0 eng d
020 ## - INTERNATIONAL STANDARD BOOK NUMBER
International Standard Book Number ISBN 81-265-0882-5
040 ## - CATALOGING SOURCE
Transcribing agency HU
050 ## - LIBRARY OF CONGRESS CALL NUMBER
Classification number 1
082 ## - DEWEY DECIMAL CLASSIFICATION NUMBER
Classification number 530/UND
100 ## - MAIN ENTRY--PERSONAL NAME
Personal name UND
9 (RLIN) 974
245 ## - TITLE STATEMENT
Title UNDERSTANDING PHYSICS
250 ## - EDITION STATEMENT
Edition statement 1
260 ## - PUBLICATION, DISTRIBUTION, ETC.
Name of publisher, distributor, etc. WILEY
Date of publication, distribution, etc. 2004
300 ## - PHYSICAL DESCRIPTION
Extent 1144
942 ## - ADDED ENTRY ELEMENTS (KOHA)
Source of classification or shelving scheme Dewey Decimal Classification
Koha item type Books like text book referance book
Suppress in OPAC No
Holdings
Withdrawn status Lost status Source of classification or shelving scheme Damaged status Not for loan Home library Current library Shelving location Date acquired Total Checkouts Full call number Barcode Date last seen Copy number Price effective from Koha item type
    Dewey Decimal Classification     Natural & Computational Science Library Natural & Computational Science Library General Stacks 08/31/2021   530/UND NSCLIB00003532 08/31/2021 1 08/31/2021 Books like text book referance book
    Dewey Decimal Classification     Natural & Computational Science Library Natural & Computational Science Library General Stacks 08/31/2021   530/UND NSCLIB00003535 08/31/2021 2 08/31/2021 Books like text book referance book